| 000 | 00525nam a2200181Ia 4500 | ||
|---|---|---|---|
| 999 |
_c3884 _d3884 |
||
| 020 | _a0-8058-3839-2 | ||
| 082 | _a306 PSY- | ||
| 245 | 0 | _aPsychological foundations of culture | |
| 260 |
_aNew Jersey _bLawrence Erlbaum Associates Publishers _c2004 |
||
| 300 | _aviii, 384p. | ||
| 504 | _aincludes index | ||
| 650 | _aEthnopsychology | ||
| 650 | _aCulture - Origin - Psychological aspects | ||
| 650 | _aSocial change - Psychological aspects | ||
| 700 | _aCrandall, Christian S. | ||
| 700 | _aSchaller, Mark | ||
| 942 | _cBK | ||